| 000 | 01209naa a22003137a 4500 | ||
|---|---|---|---|
| 001 | BR8707835 | ||
| 003 | BR-BrBNA | ||
| 005 | 20240918175913.0 | ||
| 007 | ta | ||
| 008 | 230509b bl.||||| |||| 00| 0 por d | ||
| 040 |
_aBR-BrBNA _bpor _cBiblioteca Nacional de Agricultura |
||
| 041 | _a(Pt) | ||
| 072 |
_aP35; F04; F06 _b3850 |
||
| 090 | _aP35 BR8707835 | ||
| 100 | 1 | _aScaloppi, E.J. | |
| 100 | 1 | _aBaptistella, J.R. | |
| 111 | 1 |
_a7. Congresso Nacional de Irrigacao e Drenagem _cBrasilia, DF (Brazil) _d21 Sep 1986 |
|
| 245 | 1 | _aConsideracoes sobre a aplicacao de efluentes ao solo | |
| 246 | 1 | _a[Considerations about the application of effluents in the soil] | |
| 246 | 1 | _a[Annals of the 7th National Congress on Irrigation and Drainage] | |
| 260 | 3 |
_aBrasilia, DF (Brasil): _c1986. |
|
| 500 | _aAnais do 7. Congresso Nacional de Irrigacao e Drenagem Brasilia, DF (Brasil): 1986. v. 3 p. 1049-1066 (BR8707835-AM)P35 | ||
| 650 | _aSOLO | ||
| 650 | _aRESIDUO ORGANICO | ||
| 650 | _aIRRIGACAO | ||
| 773 | 0 |
_tAnais do 7. Congresso Nacional de Irrigacao e Drenagem _wP35 BR8707835 _gBrasilia, DF (Brasil), 1986. v. 3 p. 1049-1066 |
|
| 909 |
_a202404 _bLucia _c55 _dLucia Elande |
||
| 942 |
_cAM _2AGRIS |
||
| 999 |
_c318677 _d318677 |
||